<?xml version="1.0" encoding="UTF-8"?>
<marc:record xmlns:marc="http://www.loc.gov/MARC21/slim">
   <marc:leader>00000nam a2200000 a 4500</marc:leader>
   <marc:datafield ind1="1" ind2=" " tag="100">
      <marc:subfield code="a">Gliori, Debi</marc:subfield>
      <marc:subfield code="4">aut</marc:subfield>
      <marc:subfield code="e">Verfasser/-in</marc:subfield>
   </marc:datafield>
   <marc:datafield ind1="1" ind2=" " tag="100">
      <marc:subfield code="a">Gliori, Debi</marc:subfield>
   </marc:datafield>
   <marc:datafield ind1="1" ind2=" " tag="100">
      <marc:subfield code="a">Grimm, Sandra</marc:subfield>
      <marc:subfield code="4">trl</marc:subfield>
      <marc:subfield code="e">Übersetzer/-in</marc:subfield>
   </marc:datafield>
   <marc:datafield ind1="1" ind2=" " tag="100">
      <marc:subfield code="a">Brown, Alison</marc:subfield>
   </marc:datafield>
   <marc:datafield ind1=" " ind2=" " tag="653">
      <marc:subfield code="a">Schlafen</marc:subfield>
   </marc:datafield>
   <marc:datafield ind1=" " ind2=" " tag="653">
      <marc:subfield code="a">Bilderbuch ab 3</marc:subfield>
   </marc:datafield>
   <marc:datafield ind1=" " ind2=" " tag="653">
      <marc:subfield code="a">Kinder ab 3</marc:subfield>
   </marc:datafield>
   <marc:datafield ind1=" " ind2=" " tag="653">
      <marc:subfield code="a">Bilderbuch</marc:subfield>
   </marc:datafield>
   <marc:datafield ind1="0" ind2="0" tag="245">
      <marc:subfield code="a">Die kleine Eule will noch nicht ins Bett</marc:subfield>
   </marc:datafield>
   <marc:datafield ind1="0" ind2="0" tag="245">
      <marc:subfield code="c">Debi Gliori. Alison Brown. Sandra Grimm. Debi Gliori</marc:subfield>
   </marc:datafield>
   <marc:datafield ind1=" " ind2="1" tag="264">
      <marc:subfield code="a">Bindlach</marc:subfield>
      <marc:subfield code="b">Loewe</marc:subfield>
      <marc:subfield code="c">2022</marc:subfield>
   </marc:datafield>
   <marc:datafield ind1="1" ind2=" " tag="520">
      <marc:subfield code="a">Quelle: bn.bibliotheksnachrichten (http://www.biblio.at/literatur/bn/index.html); #Autor: Anna Goiginger; #Entzückende Geschichte über das Einschlafbegleiten und Loslassen vom Tag. (ab 3) (JD)#Die kleine Eule zeigt viele Ähnlichkeiten mit kleinen Menschenkindern, die den Tag auch nie enden lassen wollen. Liebevoll liest Mama Eule ihren zwei Eulenkindern eine letzte Geschichte vor, bevor diese ihre Augen schließen dürfen. Das große Eulenkind sträubt sich jedoch auf ganzer Linie, denn eine Geschichte sei zu wenig, das Polster sowieso viel zu knubbelig und überhaupt bleiben die kleinen Augen einfach nicht zu  gar nicht zu sprechen von der Dunkelheit und dieser komischen Geräuschkulisse in der Nacht! Regelrecht zum Fürchten ist das alles. Glücklicherweise hat Mama ziemlich gute Erklärungen parat, sodass auch dies kein Hindernis mehr zu sein scheint. Bei dem ganzen Wirbel wird aber Stachelchen, Eules Kuscheltier, munter. Schwups muss das Eulenkind in die Rolle des verständnisvollen Einschlafbegleiters schlüpfen. Ein freudiges Ereignis am kommenden Tag ist letztlich das Argument, warum es sich lohnt, zu schlafen.#Vom ersten Lesemoment an identifizieren sich die kleinen Leser*innen mit den ansprechenden Figuren und versinken in den farbintensiven Bildern. Als Lektüre am Abend eignet sich dieses warmherzige Bilderbuch ideal.</marc:subfield>
   </marc:datafield>
   <marc:datafield ind1=" " ind2=" " tag="020">
      <marc:subfield code="a">9783743208636</marc:subfield>
      <marc:subfield code="9">9783743208636</marc:subfield>
   </marc:datafield>
   <marc:datafield ind1=" " ind2=" " tag="041">
      <marc:subfield code="a">ger</marc:subfield>
   </marc:datafield>
   <marc:datafield ind1=" " ind2=" " tag="300">
      <marc:subfield code="a">32 ungezählte Seiten</marc:subfield>
   </marc:datafield>
</marc:record>
